000 00463nam a2200181Ia 4500
008 131103s9999 xx 000 0 und d
020 _a718125975
_cGBP:10.95
040 _aLoreto College
041 _aEnglish
082 _aF/FRA
_bLCLIB/35778
100 _aFrancis,Dick
245 _aBreak in
_cDick Francis
260 _aLondon
_bMichael Joseph Ltd.
_c1985
300 _a272 p.
_c 22 cm.
650 _aFiction in English
850 _aLCLIB
942 _cBK
999 _c14463
_d64942